Mathematical programming and control theory
Saved in:
| Main Author: | |
|---|---|
| Format: | Book |
| Language: | English |
| Published: |
London : New York :
Chapman and Hall ; , Wiley : distributed in the U.S.A. by Halsted Press,
1978
|
| Series: | Chapman and Hall mathematics series
|
| Subjects: | |
| Tags: |
Add Tag
No Tags, Be the first to tag this record!
|
MARC
| LEADER | 00000cam a2200000 i 4500 | ||
|---|---|---|---|
| 001 | 1/34302 | ||
| 008 | 941103s1978 eng d | ||
| 020 | |a 0470264071 | ||
| 035 | |l 10039610 | ||
| 035 | |a 1988 | ||
| 040 | |a GR-MY-UA |b gre |e aacr | ||
| 041 | 0 | |a eng | |
| 082 | 0 | |a 519.4 | |
| 100 | 1 | |a Craven, B. D. |q (Bruce Desmond) | |
| 245 | 1 | 0 | |a Mathematical programming and control theory / |c B.D. Craven |
| 260 | |a London : |a New York : |b Chapman and Hall ; , |b Wiley : distributed in the U.S.A. by Halsted Press, |c 1978 | ||
| 300 | |a xi, 163 p.; |b ill.; |c 22 cm. | ||
| 490 | 1 | |a Chapman and Hall mathematics series | |
| 500 | |a Includes bibliographies and index | ||
| 650 | 0 | 0 | |a Programming (Mathematics) |
| 650 | 0 | 0 | |a Control theory. |
| 830 | 0 | |a Chapman and Hall mathematics series | |
| 852 | |a INST |b SAMOS |e 19941103 |h 519.4 CRA |p 005300001013 |q 005300001013 |t BK |y 0 | ||
| 909 | |a Σ |b 009570 | ||